Statistics for Ligavinnere i UEFA-ligaer (2019-20)

Click here to take the quiz!

General Stats

  • This quiz has been taken 14 times
    (12 since last reset)
  • The average score is 15 of 54

Answer Stats

LandSeriemester% Correct
TysklandBayern München
100%
EnglandLiverpool
100%
FrankrikeParis Saint-Germain
100%
SpaniaReal Madrid
100%
ItaliaJuventus
91%
Nederland (*)Ajax
82%
Norge (2019)Molde
82%
PortugalPorto
73%
SkottlandCeltic
64%
BelgiaClub Brugge
36%
SerbiaCrvena zvezda
36%
DanmarkMidtjylland
36%
RusslandZenit
36%
Kasakhstan (2019)Astana
27%
KroatiaDinamo Zagreb
27%
KosovoDrita
27%
Færøyene (2019)
27%
AserbajdsjanQarabağ
27%
ØsterrikeRedBull Salzburg
27%
Moldova (2019)Sheriff Tiraspol
27%
UkrainaSjakhtar Donetsk
27%
TsjekkiaSlavia Praha
27%
TyrkiaBaşakşehir
18%
RomaniaCluj
18%
Sverige (2019)Djurgården
18%
Hviterussland (2019)Dynama Brest
18%
UngarnFerencváros
18%
Estland (2019)Flora
18%
IsraelMaccabi Tel Aviv
18%
HellasOlympiakos
18%
SveitsYoung Boys
18%
ArmeniaArarat
9%
MontenegroBudućnost
9%
SloveniaCelje
9%
Georgia (2019)Dinamo Tbilisi
9%
Irland (2019)Dundalk
9%
Gibraltar (*)Europa
9%
AndorraInter Club d'Escaldes
9%
Island (2019)KR
9%
Finland (2019)KuPS
9%
BulgariaLudogorets
9%
Kypros (*)Omonia
9%
Bosnia og HerzegovinaSarajevo
9%
SlovakiaSlovan Bratislava
9%
Litauen (2019)Sūduva
9%
AlbaniaTirana
9%
Nord-MakedoniaVardar
9%
WalesConnah's Quay Nomads
0%
MaltaFloriana
0%
Luxembourg (*)Fola Esch
0%
PolenLegia Warszawa
0%
Nord-IrlandLinfield
0%
Latvia (2019)Riga
0%
San MarinoTre Fiori
0%

Score Distribution

Percentile by Number Answered

Percent of People with Each Score

Your Score History

You have not taken this quiz since the last reset